000 00767cam a22002773a 4500
001 3510
003 PGUSA
005 20140828083033.0
008 021101s2002||||xxu|||||s|||||000 | eng d
040 _aPGUSA
_beng
042 _adc
050 4 _aQH
050 4 _aQP
100 1 _aHuman Genome Project
245 1 0 _aHuman Genome Project, Chromosome Number 10
_h[electronic resource] /
_cHuman Genome Project
260 _bProject Gutenberg,
_c2002
506 _aPublic domain in the USA.
516 _aElectronic text
653 _aNucleotide sequence
653 _aHuman Genome Project
653 _aHuman gene mapping
653 _aHuman genetics
830 0 _aProject Gutenberg
_v3510
856 4 0 _uhttp://www.gutenberg.org/ebooks/3510
942 _cEB
999 _c232839
_d232839